000 00809nam a2200277Ia 4500
003 OSt
005 20220918165154.0
006 a|||||r|||| 00| 0
007 ta
008 220917b |||||||| |||| 00| 0 eng d
020 _a1405156783 (pb)
024 _a230,789
037 _cTextual
040 _aARTS
_cARTS
_beng
041 _2eng
_aeng
082 _aV:71:(Y), P7
100 _aMeskell Lynn Ed.
_923014
245 0 _aCompanion to social archaeology
260 _aMalden
_bBlackwell Publishing
_c2007
300 _axiii, 430p. (Biblographical referneces + Index)
_ccm.
490 _aSocial archaelolgy
650 _aHISTORY
700 _a Preucel Robert W. Ed.
_923015
942 _hV:71:(Y), P7
_cTEXL
_2CC
999 _c128617
_d128617